Christ in the Passover : (Record no. 7341)
[ view plain ]
| 000 -LEADER | |
|---|---|
| fixed length control field | 00834pam a2200241 i 4500 |
| 001 - CONTROL NUMBER | |
| control field | 1775323 |
| 005 - DATE AND TIME OF LATEST TRANSACTION | |
| control field | 20250823091038.0 |
| 008 - FIXED-LENGTH DATA ELEMENTS--GENERAL INFORMATION | |
| fixed length control field | 770727s1978 ilu b 001 0 eng |
| 020 ## - INTERNATIONAL STANDARD BOOK NUMBER | |
| International Standard Book Number | 0802413927 : |
| Terms of availability | $2.95 |
| 020 ## - INTERNATIONAL STANDARD BOOK NUMBER | |
| International Standard Book Number | 9780802413925 |
| 050 00 - LIBRARY OF CONGRESS CALL NUMBER | |
| Classification number | BM695.P3 |
| Item number | R67 |
| 082 00 - DEWEY DECIMAL CLASSIFICATION NUMBER | |
| Classification number | 296.4/37 |
| 100 1# - MAIN ENTRY--PERSONAL NAME | |
| Personal name | Rosen, Ceil. |
| 245 10 - TITLE STATEMENT | |
| Title | Christ in the Passover : |
| Remainder of title | why is this night different? / |
| Statement of responsibility, etc. | By Ceil and Moishe Rosen. |
| 260 ## - PUBLICATION, DISTRIBUTION, ETC. | |
| Place of publication, distribution, etc. | Chicago : |
| Name of publisher, distributor, etc. | Moody Press, |
| Date of publication, distribution, etc. | c1978. |
| 300 ## - PHYSICAL DESCRIPTION | |
| Extent | 112 p. ; |
| Dimensions | 22 cm. |
| 500 ## - GENERAL NOTE | |
| General note | Includes index. |
| 650 #0 - SUBJECT ADDED ENTRY--TOPICAL TERM | |
| Topical term or geographic name entry element | Passover. |
| 700 1# - ADDED ENTRY--PERSONAL NAME | |
| Personal name | Rosen, Moishe, |
| Relator term | joint author. |
| 856 42 - ELECTRONIC LOCATION AND ACCESS | |
| Materials specified | Publisher description |
| Uniform Resource Identifier | <a href="http://www.loc.gov/catdir/enhancements/fy0609/77010689-d.html">http://www.loc.gov/catdir/enhancements/fy0609/77010689-d.html</a> |
| 856 42 - ELECTRONIC LOCATION AND ACCESS | |
| Materials specified | Contributor biographical information |
| Uniform Resource Identifier | <a href="http://www.loc.gov/catdir/enhancements/fy1202/77010689-b.html">http://www.loc.gov/catdir/enhancements/fy1202/77010689-b.html</a> |
| 942 ## - ADDED ENTRY ELEMENTS (KOHA) | |
| Source of classification or shelving scheme | Library of Congress Classification |
| Koha item type | Books |
| Suppress in OPAC | No |
| 999 ## - | |
| -- | 7341 |
| -- | 7341 |
| Withdrawn status | Lost status | Source of classification or shelving scheme | Damaged status | Not for loan | Collection | Home library | Current library | Shelving location | Date acquired | Total checkouts | Full call number | Barcode | Date last seen | Copy number | Price effective from | Koha item type |
|---|---|---|---|---|---|---|---|---|---|---|---|---|---|---|---|---|
| Library of Congress Classification | Reference | Undergraduate Library (Christ Temple) | Undergraduate Library (Christ Temple) | General stacks | 08/23/2025 | BM695.P3 ROS | ulct00004429 | 08/23/2025 | 1 | 08/23/2025 | Books | |||||
| Library of Congress Classification | Reference | Undergraduate Library (Christ Temple) | Undergraduate Library (Christ Temple) | General stacks | 08/23/2025 | BM695.P3 ROS | ulct00004449 | 08/23/2025 | 1 | 08/23/2025 | Books |